Úvod do současné politologie / Blanka Říchová
Record details
- ISBN: 978-80-262-0218-9
- Physical Description: 207 s.
- Edition: Vyd. 3.
- Publisher: Praha : Portál, 2012
Content descriptions
| General Note: | Obálkový podnázev: srovnávací analýza demokratických politických systémů |
| Bibliography, etc. Note: | Obsahuje bibliografii |
Search for related items by subject
| Subject: | politologie demokracie politický systém |
| Genre: | studie |
Available copies
- 1 of 1 copy available at Common Catalog SPOK.
Holds
- 0 current holds with 1 total copy.
Other Formats and Editions
Show All Copies
| Location | Call Number / Copy Notes | Barcode | Shelving Location | Status | Due Date |
|---|---|---|---|---|---|
| Jabok Library | Soc-5 | 424480027420 | Odborná literatura | Available | - |
| LDR | 01168nam a2200349 a 4500 | ||
|---|---|---|---|
| 001 | 16996 | ||
| 003 | CZ-PrJAB | ||
| 005 | 20121116074155.0 | ||
| 008 | 120926s2012 xr e cze | ||
| 015 | . | ‡acnb002414954 | |
| 020 | . | ‡a978-80-262-0218-9 | |
| 035 | . | ‡a(CONS)16996 | |
| 035 | . | ‡a(CZ PrSKC)000600581 | |
| 040 | . | ‡aPNA001 ‡bcze | |
| 072 | 7. | ‡a321 ‡xPolitologie ‡2Konspekt ‡915 | |
| 080 | . | ‡a321 ‡2MRF | |
| 080 | . | ‡a321.7 ‡2MRF | |
| 080 | . | ‡a342.5 ‡2MRF | |
| 080 | . | ‡a(048.8) ‡2MRF | |
| 100 | 1 | . | ‡aŘíchová, Blanka, ‡d1958- ‡7jn20001227271 ‡4aut |
| 245 | 1 | 0. | ‡aÚvod do současné politologie / ‡cBlanka Říchová |
| 250 | . | ‡aVyd. 3. | |
| 260 | . | ‡aPraha : ‡bPortál, ‡c2012 | |
| 300 | . | ‡a207 s. | |
| 500 | . | ‡aObálkový podnázev: srovnávací analýza demokratických politických systémů | |
| 504 | . | ‡aObsahuje bibliografii | |
| 650 | 0 | 7. | ‡apolitologie ‡7ph115796 ‡2czenas |
| 650 | 0 | 7. | ‡ademokracie ‡7ph117182 ‡2czenas |
| 650 | 0 | 7. | ‡apolitický systém ‡7ph124258 ‡2czenas |
| 653 | 0 | . | ‡apolitika ‡avládní systémy ‡apolitické strany ‡avolby ‡avolební systémy ‡apolitická komunikace ‡astátní správa |
| 655 | 7. | ‡astudie ‡7fd133597 ‡2czenas | |
| 910 | . | ‡aABG312 | |
| 901 | . | ‡a16996 ‡b ‡c16996 ‡tbiblio | |